Majority Atheist Countries - Statistics

General Stats
  • This quiz has been taken 538 times
  • The average score is 7 of 11
Answer Stats
Percentage Country % Correct
51% China
86%
54% Sweden
82%
52% Japan
78%
53% United Kingdom
75%
61% Denmark
69%
70% Estonia
67%
75% Czech Republic
66%
68% Netherlands
64%
63% Vietnam
50%
52% Albania
14%
51% Azerbaijan
11%
No matching quizzes found
Score Distribution
Percent of People with Each Score
Percentile by Number Answered
Your Score History
You have not taken this quiz